| 000 | 00771nam a2200241 a 4500 | ||
|---|---|---|---|
| 001 | 000025183 | ||
| 005 | 20200930023619.0 | ||
| 008 | 110211s2008 dr a 000 0 spa d | ||
| 020 | _a9789945406689 | ||
| 040 |
_aDO-SdBNP _bspa _cBNPHU |
||
| 082 |
_a843.7 _bD886c |
||
| 100 | 1 |
_aDumas, Alejandro _d1802-1870 _91827 |
|
| 245 | 1 | 3 |
_aEl conde de montecristo / _cAlejandro Dumas ; versión Montse V. ; ilustración A. Centeno. |
| 260 |
_aSanto Domingo : _bTobogan, _c2008. _fAlfa y Omega |
||
| 300 |
_a143 p. : _bil. ; _c24 cm. |
||
| 490 | 1 | _aClásicos Universales | |
| 650 | 4 |
_aCuentos franceses _913634 |
|
| 650 | 4 |
_aLiteratura francesa _91074 |
|
| 700 | 1 |
_aMontse V. _9261 |
|
| 700 | 1 |
_aCenteno, A. _eil. _915182 |
|
| 830 | 0 |
_aClásicos Universales _9266 |
|
| 049 | _aBNPD | ||
| 999 |
_c24676 _d24676 |
||